[Event "HEM B-Turnier"]
[Site "Frankfurt-Zeilsheim"]
[Date "2018.05.10"]
[Round "2.18"]
[White "Schneider, Lutz"]
[Black "Policarpo, Raphael"]
[Result "1/2-1/2"]
[WhiteElo "1722"]
[BlackElo "1640"]
[PlyCount "61"]
[EventDate "2018.??.??"]
[EventType "swiss"]
[EventRounds "7"]
[EventCountry "GER"]
[WhiteTeam "Sfr. Wiesbaden"]
[BlackTeam "SC Heusenstamm"]

1. e4 c5 2. Nf3 Nc6 3. c3 e5 4. Bc4 Be7 5. a3 Nf6 6. d3 O-O 7. h3 d6 8. b4 b6
9. O-O Kh8 10. Ng5 d5 11. exd5 Nxd5 12. Qh5 Bxg5 13. Bxg5 f6 14. Bd2 Bb7 15.
Bb3 Nce7 16. c4 Nc7 17. Bc2 Ne6 18. Be3 Ng6 19. d4 Kg8 20. d5 Nd4 21. Bxg6 hxg6
22. Qxg6 b5 23. bxc5 bxc4 24. c6 Ba6 25. Nc3 Nb5 26. Nxb5 Bxb5 27. Rfd1 Ba4 28.
Rdb1 Qxd5 29. Rb7 Rf7 30. Rxf7 Qxf7 31. Qxf7+ 1/2-1/2

[Event "HEM B-Turnier"]
[Site "Frankfurt-Zeilsheim"]
[Date "2018.05.10"]
[Round "2.19"]
[White "Schmitt, Clemens"]
[Black "Azizov, Fariz"]
[Result "0-1"]
[WhiteElo "1712"]
[BlackElo "1593"]
[PlyCount "62"]
[EventDate "2018.??.??"]
[EventType "swiss"]
[EventRounds "7"]
[EventCountry "GER"]
[WhiteTeam "SV Bergwinkel"]
[BlackTeam "Kasseler SK"]

1. c4 Nf6 2. g3 e5 3. Bg2 d5 4. cxd5 Nxd5 5. Nc3 Nf6 6. Nf3 Nc6 7. O-O Be7 8.
d4 exd4 9. Nb5 O-O 10. Nfxd4 Nxd4 11. Nxd4 c5 12. Nb5 Qb6 13. Nc3 Bd7 14. h3
Rad8 15. Qc2 Qa6 16. e4 Bc6 17. Be3 b6 18. Rfe1 Qb7 19. a4 a5 20. b3 Rfe8 21.
f3 Bd6 22. Bf2 Be5 23. Rad1 Nh5 24. Bf1 Bxg3 25. Bxg3 Nxg3 26. Bb5 Bxb5 27.
Nxb5 Qe7 28. Qh2 Qg5 29. Rxd8 Rxd8 30. Nc7 Rd2 31. Qxd2 Qxd2 0-1

[Event "HEM B-Turnier"]
[Site "Frankfurt-Zeilsheim"]
[Date "2018.05.10"]
[Round "2.20"]
[White "Strache, Rolf"]
[Black "Stiller, Bjoern"]
[Result "0-1"]
[WhiteElo "1558"]
[BlackElo "1673"]
[PlyCount "134"]
[EventDate "2018.??.??"]
[EventType "swiss"]
[EventRounds "7"]
[EventCountry "GER"]
[WhiteTeam "SK Herborn"]
[BlackTeam "SSG Hungen-Lich"]

1. d4 Nf6 2. c4 c5 3. e3 e6 4. Nf3 cxd4 5. exd4 d5 6. Nc3 Nc6 7. Bg5 Be7 8. a3
O-O 9. Bd3 dxc4 10. Bxc4 Re8 11. O-O a6 12. Re1 b5 13. Bd3 h6 14. Bh4 Bb7 15.
Rc1 Rc8 16. Bb1 Nd5 17. Bxe7 Ncxe7 18. Qd3 Nf6 19. Ne5 Ned5 20. Ne2 Qd6 21. h3
Nb6 22. Ba2 Be4 23. Qe3 Nbd5 24. Qd2 Bh7 25. Rxc8 Rxc8 26. Rc1 Rc7 27. Rxc7
Qxc7 28. Qc1 Qxc1+ 29. Nxc1 Kf8 30. Kf1 Nb6 31. Ke2 Nfd5 32. Kd2 Nf4 33. Ke3
Nxg2+ 34. Kf3 Nh4+ 35. Kg3 Nf5+ 36. Kf4 Nxd4 37. Ke3 Nf5+ 38. Kd2 Ne7 39. Kc3
f6 40. Nf3 e5 41. Kb4 Be4 42. Nd2 Bb7 43. Nd3 Nc6+ 44. Kc5 Na4+ 45. Kd6 Nd4 46.
Kc7 Bg2 47. h4 g5 48. hxg5 hxg5 49. Ne1 Bh1 50. b4 Ke7 51. Bb3 Nxb3 52. Nxb3
Be4 53. Kb8 Kd6 54. Ka7 Bd5 55. Nd2 Kc6 56. Nc2 Nb6 57. Ne3 Nc4 58. Nxd5 Kxd5
59. Nb3 Nxa3 60. Kxa6 f5 61. Nd2 g4 62. Nf1 f4 63. Kb6 e4 64. Ka5 Kd4 65. Kb6
Kd3 66. Nh2 g3 67. fxg3 fxg3 0-1

[Event "HEM B-Turnier"]
[Site "Frankfurt-Zeilsheim"]
[Date "2018.05.10"]
[Round "2.21"]
[White "Traut, Stefan"]
[Black "El Lawindy, Asem"]
[Result "1/2-1/2"]
[WhiteElo "1661"]
[BlackElo "1521"]
[PlyCount "65"]
[EventDate "2018.??.??"]
[EventType "swiss"]
[EventRounds "7"]
[EventCountry "GER"]
[WhiteTeam "SF Heusenstamm"]
[BlackTeam "VSG Offenbach"]

1. d4 d5 2. Nf3 Nf6 3. c4 e6 4. g3 c5 5. cxd5 cxd4 6. Bg2 Qxd5 7. Qxd4 Nc6 8.
Qxd5 Nxd5 9. a3 Bc5 10. O-O O-O 11. b4 Bd6 12. Bb2 Bd7 13. Rd1 Be7 14. Ra2 Rfd8
15. Nc3 Nb6 16. Bc1 Nc4 17. Ne4 Be8 18. Rxd8 Rxd8 19. Ned2 Nxd2 20. Rxd2 Rxd2
21. Bxd2 Bf6 22. Bc1 b6 23. e3 Kf8 24. Kf1 Ke7 25. Ke2 Kd6 26. Kd2 e5 27. Ne1
Ne7 28. Bb2 Bc6 29. Bxc6 Kxc6 30. e4 Bg5+ 31. Kd3 Kd6 32. Nf3 Bf6 33. Kc4
1/2-1/2

[Event "HEM B-Turnier"]
[Site "Frankfurt-Zeilsheim"]
[Date "2018.05.10"]
[Round "2.22"]
[White "Mongi, Mario"]
[Black "Eckert, Michael"]
[Result "1-0"]
[WhiteElo "1518"]
[BlackElo "1649"]
[PlyCount "47"]
[EventDate "2018.??.??"]
[EventType "swiss"]
[EventRounds "7"]
[EventCountry "GER"]
[WhiteTeam "SC Sulzbach"]
[BlackTeam "C4 Chess Club"]

1. c4 c5 2. g3 Nc6 3. Bg2 Nf6 4. Nc3 d6 5. e3 Bf5 6. d4 e6 7. Nge2 Be7 8. O-O
O-O 9. a3 Qc7 10. e4 cxd4 11. Nb5 Qb6 12. exf5 exf5 13. Nexd4 a6 14. Nxc6 bxc6
15. Nd4 Rac8 16. Nxf5 Qc7 17. Bf4 Rcd8 18. c5 Qd7 19. cxd6 Qxf5 20. dxe7 Rxd1
21. exf8=Q+ Kxf8 22. Raxd1 Nd5 23. Rfe1 g6 24. Bh6+ 1-0

[Event "HEM B-Turnier"]
[Site "Frankfurt-Zeilsheim"]
[Date "2018.05.11"]
[Round "3.2"]
[White "Winter, Lars"]
[Black "Wilke, Tabea"]
[Result "1-0"]
[WhiteElo "1891"]
[BlackElo "1773"]
[PlyCount "129"]
[EventDate "2018.??.??"]
[EventType "swiss"]
[EventRounds "7"]
[EventCountry "GER"]
[WhiteTeam "SV Fechenheim"]
[BlackTeam "SC Hattersheim"]

1. c4 e5 2. Nc3 Nf6 3. Nf3 Nc6 4. d4 e4 5. Nd2 Bb4 6. e3 O-O 7. Be2 d5 8. cxd5
Ne7 9. Qb3 Nexd5 10. Nxd5 Nxd5 11. O-O Re8 12. Nxe4 Rxe4 13. Bc4 Be6 14. Bxd5
Bxd5 15. Qxb4 Qg5 16. f3 Rh4 17. e4 Qh5 18. h3 Be6 19. Qc5 Qxc5 20. dxc5 Bc4
21. Rd1 Rh5 22. Be3 Re5 23. Rd7 Rc8 24. Rad1 Bb5 25. Rd8+ Rxd8 26. Rxd8+ Re8
27. Rxe8+ Bxe8 28. Kf2 Kf8 29. Bf4 c6 30. Bd6+ Kg8 31. Bb8 a6 32. Ke3 f6 33.
Kd4 Kf7 34. Kc4 Ke6 35. Kb4 Kd7 36. Ka5 Kc8 37. Bd6 Bf7 38. b3 Be6 39. g4 g6
40. f4 f5 41. exf5 gxf5 42. g5 Bf7 43. h4 Kd7 44. Kb6 Kc8 45. Be5 Bg6 46. b4
Bf7 47. a4 Bg6 48. b5 axb5 49. axb5 cxb5 50. Kxb5 Kd7 51. Kb6 Kc8 52. c6 bxc6
53. Kxc6 Kd8 54. Kd6 Bf7 55. Bg7 Ke8 56. Ke5 Bg6 57. Kf6 Kd7 58. Bf8 Ke8 59.
Bb4 Kd7 60. Kg7 Ke6 61. Ba3 Kd5 62. h5 Bxh5 63. Kxh7 Ke6 64. g6 Kf6 65. Bb2+
1-0

[Event "HEM B-Turnier"]
[Site "Frankfurt-Zeilsheim"]
[Date "2018.05.11"]
[Round "3.3"]
[White "Rabiya, Karim"]
[Black "Varma, Christopher"]
[Result "0-1"]
[WhiteElo "1643"]
[BlackElo "1811"]
[PlyCount "70"]
[EventDate "2018.??.??"]
[EventType "swiss"]
[EventRounds "7"]
[EventCountry "GER"]
[WhiteTeam "SK Niederbrechen"]
[BlackTeam "SC Bad Nauheim"]

1. e4 e6 2. d4 d5 3. Nc3 Nf6 4. Bg5 Bb4 5. Bd3 c5 6. exd5 Qxd5 7. Bxf6 gxf6 8.
Bb5+ Bd7 9. Bxd7+ Nxd7 10. Nf3 Qc4 11. Qd3 Qxd3 12. cxd3 cxd4 13. Nxd4 Ne5 14.
O-O-O O-O-O 15. Nce2 Ng4 16. Rhf1 Nxh2 17. Rh1 Ng4 18. Rh4 Ne5 19. Rdh1 Bc5 20.
Kd2 Ng6 21. Nxe6 Nxh4 22. Nxd8 Nf3+ 23. gxf3 Kxd8 24. d4 Bd6 25. Rh6 Ke7 26.
Ke3 Ke6 27. f4 Bf8 28. Rh1 Bd6 29. a3 h5 30. Ke4 f5+ 31. Kd3 Kd5 32. b4 h4 33.
Ke3 Kc4 34. Ng3 Re8+ 35. Kd2 Bxf4+ 0-1

[Event "HEM B-Turnier"]
[Site "Frankfurt-Zeilsheim"]
[Date "2018.05.11"]
[Round "3.4"]
[White "Bjoerknes, Uwe"]
[Black "Zalewski, Ulrich"]
[Result "1/2-1/2"]
[WhiteElo "1734"]
[BlackElo "1788"]
[PlyCount "99"]
[EventDate "2018.??.??"]
[EventType "swiss"]
[EventRounds "7"]
[EventCountry "GER"]
[WhiteTeam "SK Bad Homburg"]
[BlackTeam "Biebertaler SF"]

1. d4 d5 2. c4 e6 3. g3 f5 4. Bg2 c6 5. Nh3 Nf6 6. Bg5 Be7 7. O-O O-O 8. Nd2
Ne4 9. Bxe7 Qxe7 10. Rc1 Nd7 11. a3 Ndf6 12. f3 Nxd2 13. Qxd2 Bd7 14. Qf4 Rae8
15. Qe5 Bc8 16. b4 Nd7 17. Qc7 Nb6 18. Qxe7 Rxe7 19. c5 Nc4 20. Rc3 e5 21. dxe5
Rxe5 22. Kf2 Rfe8 23. Re1 Re3 24. Rxe3 Nxe3 25. Nf4 Nc2 26. Rd1 Nxa3 27. e4
fxe4 28. fxe4 dxe4 29. Bf1 a6 30. Rc1 e3+ 31. Kf3 Nb5 32. Bxb5 cxb5 33. Re1 g5
34. Nd5 Kg7 35. Nxe3 Kg6 36. Rd1 Rf8+ 37. Ke2 Rf7 38. Rd6+ Kg7 39. Rd5 h6 40.
Re5 Bd7 41. h4 gxh4 42. gxh4 Kf6 43. Rh5 Kg6 44. Rd5 Bc6 45. h5+ Kh7 46. Rf5
Rxf5 47. Nxf5 Be8 48. Nd6 Bc6 49. Ke3 Kg7 50. Nf5+ 1/2-1/2

[Event "HEM B-Turnier"]
[Site "Frankfurt-Zeilsheim"]
[Date "2018.05.11"]
[Round "3.5"]
[White "Lehnert, Michael"]
[Black "Klowski, Bjoern Sigurd"]
[Result "1-0"]
[WhiteElo "1858"]
[BlackElo "1681"]
[PlyCount "99"]
[EventDate "2018.??.??"]
[EventType "swiss"]
[EventRounds "7"]
[EventCountry "GER"]
[WhiteTeam "SK Niederbrechen"]
[BlackTeam "SC Eschbon 1974"]

1. c4 Nf6 2. Nc3 g6 3. e4 d6 4. h3 Bg7 5. g3 O-O 6. Bg2 e5 7. Nge2 Be6 8. d3
Nbd7 9. O-O c6 10. f4 Nb6 11. g4 exf4 12. Bxf4 Qe7 13. Qd2 Nfd7 14. Bh6 Ne5 15.
Bxg7 Kxg7 16. b3 c5 17. d4 cxd4 18. Qxd4 Qc7 19. Nb5 Qc5 20. Nxd6 Qxd4+ 21.
Nxd4 Rad8 22. Nxe6+ fxe6 23. Rxf8 Kxf8 24. Nxb7 Rd2 25. c5 Nc8 26. Rf1+ Ke7 27.
Rf2 Rd1+ 28. Kh2 Nd3 29. Rc2 Kd7 30. Bf3 Rb1 31. Be2 Nb4 32. Rd2+ Kc7 33. Nd6
Rc1 34. Nxc8 Kxc8 35. Bc4 e5 36. g5 Nc6 37. Rf2 Nd8 38. a4 a5 39. Rf8 Re1 40.
Bd5 Kc7 41. Rh8 Rc1 42. Rxh7+ Kb8 43. Rg7 Rxc5 44. Rxg6 Kc7 45. h4 Kd7 46. h5
Ke7 47. Rf6 Rc2+ 48. Kg3 Rc3+ 49. Kg4 Rc1 50. h6 1-0

[Event "HEM B-Turnier"]
[Site "Frankfurt-Zeilsheim"]
[Date "2018.05.11"]
[Round "3.6"]
[White "Weber, Andreas"]
[Black "Bergmann, Michael"]
[Result "0-1"]
[WhiteElo "1718"]
[BlackElo "1847"]
[PlyCount "56"]
[EventDate "2018.??.??"]
[EventType "swiss"]
[EventRounds "7"]
[EventCountry "GER"]
[WhiteTeam "SC Flörsheim"]
[BlackTeam "SF Frankfurt"]

1. e4 e5 2. f4 exf4 3. Nf3 d5 4. exd5 Nf6 5. Bb5+ c6 6. dxc6 Nxc6 7. O-O Qb6+
8. d4 Qxb5 9. Bxf4 Qxb2 10. Re1+ Be7 11. Nbd2 O-O 12. Rb1 Qxa2 13. Ra1 Qd5 14.
c4 Qd8 15. d5 Bc5+ 16. Kf1 Nd4 17. Ne5 Bf5 18. Ra2 Re8 19. Nb3 Nxb3 20. Qxb3
Qb6 21. Qf3 Nd7 22. Qg3 Nxe5 23. Bxe5 f6 24. Rb2 Qd8 25. Rxb7 Bg6 26. Bc3 Rxe1+
27. Bxe1 Bd6 28. Qf2 Qc8 0-1

[Event "HEM B-Turnier"]
[Site "Frankfurt-Zeilsheim"]
[Date "2018.05.11"]
[Round "3.7"]
[White "Diehl, Stefan"]
[Black "Schneider, Kevin"]
[Result "1-0"]
[WhiteElo "1812"]
[BlackElo "1699"]
[PlyCount "115"]
[EventDate "2018.??.??"]
[EventType "swiss"]
[EventRounds "7"]
[EventCountry "GER"]
[WhiteTeam "SC Höchst"]
[BlackTeam "SC Breuberg"]

1. f4 Nf6 2. b3 g6 3. Bb2 Bg7 4. Nf3 Nh5 5. Bxg7 Nxg7 6. Nc3 d6 7. e3 c5 8. Be2
Nc6 9. O-O O-O 10. Ne4 Bd7 11. c3 Rc8 12. Qe1 Nb8 13. Nh4 d5 14. Nf2 a6 15. Ng4
Bxg4 16. Bxg4 Rc7 17. Qg3 f5 18. Be2 Nd7 19. Qe1 Nf6 20. Rf3 Qd6 21. Rh3 Kf7
22. Nf3 Rh8 23. Ne5+ Kg8 24. c4 d4 25. Rd1 Nd7 26. Nf3 e5 27. Qh4 Ne6 28. Ng5
Nxg5 29. Qxg5 e4 30. d3 exd3 31. Bxd3 Qf6 32. Bxf5 Qxg5 33. Be6+ Kg7 34. fxg5
Re8 35. Bxd7 Rxd7 36. exd4 Rxd4 37. Rxd4 cxd4 38. Kf2 Re4 39. Rd3 Rg4 40. Kf3
Rxg5 41. Rxd4 Rf5+ 42. Ke3 Rf7 43. b4 b5 44. c5 Rc7 45. a3 a5 46. Rd6 Re7+ 47.
Kd3 axb4 48. axb4 Re1 49. Rb6 Rd1+ 50. Ke2 Rb1 51. Rxb5 Rb2+ 52. Kf3 Kf8 53. c6
Rc2 54. Rb8+ Ke7 55. b5 Kd6 56. Rd8+ Kc7 57. Rd7+ Kb6 58. Rb7+ 1-0

[Event "HEM B-Turnier"]
[Site "Frankfurt-Zeilsheim"]
[Date "2018.05.11"]
[Round "3.8"]
[White "Lopez, Victor"]
[Black "Ross, Norbert"]
[Result "0-1"]
[WhiteElo "1689"]
[BlackElo "1804"]
[PlyCount "34"]
[EventDate "2018.??.??"]
[EventType "swiss"]
[EventRounds "7"]
[EventCountry "GER"]
[WhiteTeam "SC Höchst"]
[BlackTeam "SV Oberursel"]

1. e4 e6 2. d4 d5 3. exd5 exd5 4. Nf3 Nc6 5. c3 Bd6 6. Bg5 f6 7. Bh4 Bg4 8. Bg3
Bxg3 9. hxg3 Qd7 10. Be2 O-O-O 11. O-O h5 12. b4 Re8 13. Re1 Nge7 14. Nbd2 Nf5
15. Nh2 Nd6 16. Nxg4 hxg4 17. Bxg4 Rxe1+ 0-1

[Event "HEM B-Turnier"]
[Site "Frankfurt-Zeilsheim"]
[Date "2018.05.11"]
[Round "3.9"]
[White "Wachsmann, Elmar"]
[Black "Kirchner, Konrad"]
[Result "0-1"]
[WhiteElo "1618"]
[BlackElo "1698"]
[PlyCount "192"]
[EventDate "2018.??.??"]
[EventType "swiss"]
[EventRounds "7"]
[EventCountry "GER"]
[WhiteTeam "SC Groß-Umstadt"]
[BlackTeam "SC Ehrenberg"]

1. d4 d5 2. Nf3 Nf6 3. c4 c6 4. e3 e6 5. Nc3 Bd6 6. Bd3 Nbd7 7. e4 dxe4 8. Nxe4
Nxe4 9. Bxe4 Nf6 10. Bc2 h6 11. O-O O-O 12. a3 b6 13. Re1 c5 14. dxc5 Bxc5 15.
Qe2 Qc7 16. b4 Be7 17. Bb2 Bb7 18. Ne5 Rad8 19. Nxf7 Rxf7 20. Bg6 Qc6 21. Bxf7+
Kxf7 22. f3 Ne8 23. b5 Qc8 24. Rad1 Rxd1 25. Rxd1 Bf6 26. Bxf6 Nxf6 27. Qd3 Ke8
28. a4 Qc5+ 29. Kh1 Qc7 30. a5 Ke7 31. Qe3 Ne8 32. Qd4 Bc8 33. Qd3 Nd6 34. Qg6
Kf8 35. Qd3 Ke7 36. Qg6 Ne8 37. Qd3 bxa5 38. Qd4 Nf6 39. c5 Bd7 40. b6 axb6 41.
cxb6 Qc6 42. Rb1 Bc8 43. Qb2 Bb7 44. Rc1 Qd5 45. h3 Ne8 46. Qa3+ Kf7 47. Qa4
Ke7 48. Rd1 Qc6 49. Qxa5 Nf6 50. Qb4+ Kf7 51. Ra1 Nd5 52. Qb3 g5 53. Ra7 h5 54.
Qb1 Kg7 55. Qb2+ Kg6 56. Ra3 g4 57. Qb1+ Kg5 58. h4+ Kxh4 59. g3+ Kg5 60. Qe1
Kf6 61. Ra1 Nc3 62. Qd2 Qxf3+ 63. Kh2 Ne4 64. Qg2 Qxg2+ 65. Kxg2 Nc5+ 66. Kf2
Ke5 67. Ke3 Kd5 68. Rh1 Kc6 69. Rxh5 Kxb6 70. Kd4 Nd7 71. Rh6 Nc5 72. Rh5 Na6
73. Rh6 Nc7 74. Rg6 Bf3 75. Ke5 Kc6 76. Kd4 Kd6 77. Rg8 e5+ 78. Ke3 Nd5+ 79.
Kf2 Kc5 80. Rf8 e4 81. Ra8 e3+ 82. Ke1 Nb4 83. Rc8+ Kd4 84. Rd8+ Kc5 85. Rc8+
Kd6 86. Rc3 Kd5 87. Rxe3 Nc2+ 88. Kf2 Nxe3 89. Kxe3 Ke5 90. Kf2 Kd4 91. Kg1 Ke3
92. Kh2 Bc6 93. Kg1 Kf3 94. Kh2 Be8 95. Kh1 Kxg3 96. Kg1 Bc6 0-1

[Event "HEM B-Turnier"]
[Site "Frankfurt-Zeilsheim"]
[Date "2018.05.11"]
[Round "3.10"]
[White "Hoelss, Manuel"]
[Black "Krist, Stephan"]
[Result "1/2-1/2"]
[WhiteElo "1757"]
[BlackElo "1620"]
[PlyCount "89"]
[EventDate "2018.??.??"]
[EventType "swiss"]
[EventRounds "7"]
[EventCountry "GER"]
[WhiteTeam "SSG Hungen-Lich"]
[BlackTeam "SVG Lauterbach"]

1. e4 e5 2. Nf3 Nc6 3. d4 exd4 4. Bc4 Bc5 5. c3 d3 6. Qxd3 h6 7. Bxf7+ Kxf7 8.
Qd5+ Kf8 9. Qxc5+ d6 10. Qa3 Nf6 11. Nbd2 Be6 12. O-O Kf7 13. Nd4 Qd7 14. f4
Nxd4 15. cxd4 Qb5 16. f5 Bc4 17. Re1 Rhe8 18. e5 dxe5 19. dxe5 Qb6+ 20. Kh1 Ng4
21. e6+ Kg8 22. h3 Qf2 23. Nf3 Bf1 24. Rxf1 Qxf1+ 25. Ng1 Nf2+ 26. Kh2 Rad8 27.
Bxh6 Qxa1 28. Bxg7 Rd3 29. Qc5 c6 30. Qe5 Qd1 31. f6 Ng4+ 32. hxg4 Qxg4 33. Nf3
Qxe6 34. Qg5 Qd6+ 35. g3 Re2+ 36. Kh3 Qe6+ 37. Kh4 Re4+ 38. g4 Rd5 39. Qg6 Qe8
40. Qh6 Rxg4+ 41. Kxg4 Qd7+ 42. Kh4 Qf5 43. Ng5 Qf4+ 44. Kh5 Qh2+ 45. Kg6
1/2-1/2

[Event "HEM B-Turnier"]
[Site "Frankfurt-Zeilsheim"]
[Date "2018.05.11"]
[Round "3.11"]
[White "Azizov, Fariz"]
[Black "Zerhusen, Martin"]
[Result "0-1"]
[WhiteElo "1593"]
[BlackElo "1744"]
[PlyCount "76"]
[EventDate "2018.??.??"]
[EventType "swiss"]
[EventRounds "7"]
[EventCountry "GER"]
[WhiteTeam "Kasseler SK"]
[BlackTeam "SV Oberursel"]

1. d4 d5 2. Nf3 Nf6 3. c4 c6 4. e3 e6 5. Nc3 Be7 6. Bd3 O-O 7. O-O b6 8. Qc2
Bb7 9. b3 Nbd7 10. Bb2 Rc8 11. Rac1 Re8 12. Rfd1 Nf8 13. Ne5 c5 14. Qe2 Ng6 15.
Nxg6 hxg6 16. h3 Bc6 17. Nb1 Qd7 18. Nd2 Qb7 19. cxd5 Bxd5 20. e4 c4 21. bxc4
Bc6 22. d5 Ba4 23. Nb3 Bxb3 24. axb3 exd5 25. cxd5 Qb8 26. Ba6 Rxc1 27. Rxc1
Bc5 28. Bxf6 gxf6 29. Qf3 Qe5 30. Bd3 Kg7 31. g3 Qb2 32. Rb1 Qd2 33. Bf1 Qc2
34. Re1 Qd2 35. Qe2 Qc3 36. Bg2 Qxb3 37. h4 Qxg3 38. Qf3 Qxh4 0-1

[Event "HEM B-Turnier"]
[Site "Frankfurt-Zeilsheim"]
[Date "2018.05.11"]
[Round "3.12"]
[White "Faysal, Wasim"]
[Black "Mongi, Mario"]
[Result "1/2-1/2"]
[WhiteElo "1703"]
[BlackElo "1518"]
[PlyCount "102"]
[EventDate "2018.??.??"]
[EventType "swiss"]
[EventRounds "7"]
[EventCountry "GER"]
[WhiteTeam "Biebertaler SF"]
[BlackTeam "SC Sulzbach"]

1. e4 c5 2. d4 cxd4 3. Nf3 g6 4. Qxd4 Nf6 5. e5 Nc6 6. Qd1 Nxe5 7. Nxe5 Qa5+ 8.
Nc3 Qxe5+ 9. Be3 Bg7 10. Be2 O-O 11. O-O d6 12. Bd4 Qa5 13. a3 a6 14. Bf3 Bf5
15. b4 Qc7 16. Bxf6 Bxf6 17. Nd5 Qxc2 18. Qxc2 Bxc2 19. Nxf6+ exf6 20. Rfc1 Bb3
21. Bxb7 Ra7 22. Bf3 d5 23. Rc3 Bc4 24. Rd1 Re8 25. h3 Re5 26. Rd4 Kf8 27. Kh2
f5 28. Rc2 Rae7 29. Rcd2 Re4 30. Bxe4 fxe4 31. a4 f5 32. b5 axb5 33. axb5 Ke8
34. Kg3 e3 35. Rd1 e2 36. Re1 Rb7 37. Rxc4 dxc4 38. Rxe2+ Kf7 39. Rc2 Rxb5 40.
Rxc4 Re5 41. Kf4 Kf6 42. Rc6+ Re6 43. Rxe6+ Kxe6 44. Kg5 Kf7 45. Kh6 Kg8 46. f4
Kh8 47. g4 fxg4 48. hxg4 Kg8 49. f5 gxf5 50. gxf5 Kf7 51. Kg5 Kg7 1/2-1/2

[Event "HEM B-Turnier"]
[Site "Frankfurt-Zeilsheim"]
[Date "2018.05.11"]
[Round "3.13"]
[White "Stiller, Bjoern"]
[Black "Menz, Florian"]
[Result "1-0"]
[WhiteElo "1673"]
[BlackElo "1457"]
[PlyCount "49"]
[EventDate "2018.??.??"]
[EventType "swiss"]
[EventRounds "7"]
[EventCountry "GER"]
[WhiteTeam "SSG Hungen-Lich"]
[BlackTeam "SC Ehrenberg"]

1. e4 e5 2. Nf3 Nc6 3. d4 exd4 4. Nxd4 Qf6 5. Be3 Bc5 6. c3 Nge7 7. Bc4 O-O 8.
O-O Rd8 9. f4 d6 10. Kh1 Nxd4 11. Bxd4 Bxd4 12. cxd4 d5 13. e5 Qg6 14. Bd3 Bf5
15. Bxf5 Nxf5 16. Qd2 Qh6 17. Kg1 Qb6 18. Rd1 c5 19. dxc5 Qxc5+ 20. Kh1 Rac8
21. Nc3 Ne3 22. Rdc1 d4 23. Ne4 Qd5 24. Nd6 Nc4 25. Nxc8 1-0

[Event "HEM B-Turnier"]
[Site "Frankfurt-Zeilsheim"]
[Date "2018.05.11"]
[Round "3.14"]
[White "Graef, Jakob"]
[Black "Mohr, Justus"]
[Result "0-1"]
[WhiteElo "1468"]
[BlackElo "1641"]
[PlyCount "156"]
[EventDate "2018.??.??"]
[EventType "swiss"]
[EventRounds "7"]
[EventCountry "GER"]
[WhiteTeam "SV Frankfurt Nord"]
[BlackTeam "SC FK Babenhausen"]

1. e4 e5 2. Nf3 Nc6 3. Bc4 Bc5 4. c3 Nf6 5. d4 exd4 6. cxd4 Bb4+ 7. Nc3 Nxe4 8.
O-O Nd6 9. Re1+ Ne7 10. Bg5 Nxc4 11. Qb3 f6 12. Qxb4 Nb6 13. Bf4 d6 14. Re3 O-O
15. Qb3+ Kh8 16. Rae1 Ng6 17. Bg3 a5 18. Nh4 Nxh4 19. Bxh4 Bf5 20. Re7 a4 21.
Qb5 d5 22. Bg3 Bd7 23. Qd3 Nc8 24. R7e3 c6 25. Bf4 g5 26. Bg3 f5 27. Be5+ Kg8
28. Rh3 g4 29. Qg3 Qe8 30. Re2 Qg6 31. Rh4 b5 32. Qf4 h5 33. Re3 Rf7 34. Ne2
Nb6 35. Ng3 Rh7 36. h3 Nc4 37. Re2 Re8 38. hxg4 hxg4 39. Rxh7 Kxh7 40. b3 Nxe5
41. Rxe5 Rxe5 42. Qxe5 Qe6 43. Nh5 Qxe5 44. dxe5 Kg6 45. Nf6 Be6 46. g3 axb3
47. axb3 b4 48. Kf1 d4 49. Ke2 Bxb3 50. Nd7 Bc4+ 51. Kd2 f4 52. gxf4 Kf5 53.
Nc5 Kxf4 54. e6 Kf3 55. e7 Bf7 56. Nd3 Be8 57. Ne5+ Kf4 58. Nd3+ Ke4 59. Nc5+
Kd5 60. Nd3 c5 61. Nf4+ Kd6 62. Nd3 b3 63. Kc1 c4 64. Nb2 c3 65. Nc4+ Kxe7 66.
Na5 b2+ 67. Kc2 Bg6+ 68. Kb3 b1=Q+ 69. Kc4 Qd3+ 70. Kc5 Qf5+ 71. Kb4 Qxa5+ 72.
Kxa5 c2 73. f3 c1=Q 74. fxg4 Qb2 75. g5 Bd3 76. Ka4 Bc4 77. g6 Qb3+ 78. Ka5
Qb5# 0-1

[Event "HEM B-Turnier"]
[Site "Frankfurt-Zeilsheim"]
[Date "2018.05.11"]
[Round "3.15"]
[White "Traut, Stefan"]
[Black "Muenstermann, Matthias"]
[Result "1/2-1/2"]
[WhiteElo "1661"]
[BlackElo "1891"]
[PlyCount "64"]
[EventDate "2018.??.??"]
[EventType "swiss"]
[EventRounds "7"]
[EventCountry "GER"]
[WhiteTeam "SF Heusenstamm"]
[BlackTeam "SK Langen"]

1. d4 Nf6 2. Nf3 g6 3. c4 Bg7 4. Nc3 d5 5. cxd5 Nxd5 6. e4 Nxc3 7. bxc3 c5 8.
Rb1 O-O 9. Be2 Nc6 10. d5 Ne5 11. Nxe5 Bxe5 12. Bd2 Qc7 13. g3 Bh3 14. Rg1 Bd7
15. c4 Bd4 16. Qb3 Rab8 17. Bd3 e6 18. Bc3 Bxc3+ 19. Qxc3 exd5 20. exd5 Rfe8+
21. Kd2 Re7 22. Rge1 Rbe8 23. Rxe7 Rxe7 24. Re1 Rxe1 25. Kxe1 a6 26. Qb2 Qa5+
27. Qd2 Qxd2+ 28. Kxd2 b5 29. Kc3 b4+ 30. Kb2 Kf8 31. f4 Ke7 32. Bc2 Kf6
1/2-1/2

[Event "HEM B-Turnier"]
[Site "Frankfurt-Zeilsheim"]
[Date "2018.05.11"]
[Round "3.16"]
[White "Gruber, Reiner"]
[Black "Vollbrecht, Christoph"]
[Result "1-0"]
[WhiteElo "1644"]
[BlackElo "1879"]
[PlyCount "65"]
[EventDate "2018.??.??"]
[EventType "swiss"]
[EventRounds "7"]
[EventCountry "GER"]
[WhiteTeam "SK Dieburg"]
[BlackTeam "SSG Rödermark/Eppertshausen"]

1. Nf3 d5 2. g3 Nf6 3. Bg2 e6 4. d4 Be7 5. O-O O-O 6. b3 b6 7. Bb2 Bb7 8. c4
Nbd7 9. Nc3 dxc4 10. bxc4 c5 11. d5 exd5 12. cxd5 Bd6 13. e4 Re8 14. Re1 Ne5
15. Nxe5 Bxe5 16. f4 Bd4+ 17. Kh1 Qd7 18. Na4 Bxb2 19. Nxb2 Rad8 20. Nc4 Ng4
21. Qc2 f6 22. h3 Nh6 23. Rad1 Nf7 24. Ne3 Nd6 25. Kh2 Nb5 26. Nf5 Nd6 27. Ne3
Nb5 28. Nf5 Nd6 29. Nxd6 Qxd6 30. Re2 Re7 31. Rde1 Rde8 32. Qc4 Kf8 33. e5 1-0

[Event "HEM B-Turnier"]
[Site "Frankfurt-Zeilsheim"]
[Date "2018.05.11"]
[Round "3.17"]
[White "Baitinger, Viktor"]
[Black "Haftmann, Rainer"]
[Result "1-0"]
[WhiteElo "1646"]
[BlackElo "1766"]
[PlyCount "69"]
[EventDate "2018.??.??"]
[EventType "swiss"]
[EventRounds "7"]
[EventCountry "GER"]
[WhiteTeam "SF Anderssen Wetzlar"]
[BlackTeam "SG Dietzenbach"]

1. e4 e5 2. Nf3 Nc6 3. Bc4 Be7 4. d4 d6 5. dxe5 dxe5 6. Qxd8+ Bxd8 7. Be3 Nf6
8. Nc3 O-O 9. a3 Bg4 10. Ng5 h6 11. Nf3 a6 12. Nd2 Nd4 13. Bd3 b5 14. f4 c5 15.
fxe5 Nd7 16. h3 Be6 17. Bxd4 cxd4 18. Ne2 Nxe5 19. Nxd4 Bb6 20. N2f3 Nxd3+ 21.
cxd3 Rad8 22. Nxe6 fxe6 23. Ke2 Bd4 24. Nxd4 Rxd4 25. Rac1 Rfd8 26. Rhd1 b4 27.
Rc4 bxa3 28. bxa3 e5 29. Rxd4 Rxd4 30. Rc1 Ra4 31. Rc3 Kf7 32. Kd2 h5 33. Kc2
h4 34. Kb3 Ra5 35. a4 1-0

[Event "HEM B-Turnier"]
[Site "Frankfurt-Zeilsheim"]
[Date "2018.05.11"]
[Round "3.18"]
[White "Policarpo, Raphael"]
[Black "Meyer, Marcel"]
[Result "0-1"]
[WhiteElo "1640"]
[BlackElo "1759"]
[PlyCount "56"]
[EventDate "2018.??.??"]
[EventType "swiss"]
[EventRounds "7"]
[EventCountry "GER"]
[WhiteTeam "SC Heusenstamm"]
[BlackTeam "SC Herborn"]

1. e4 c6 2. d4 d5 3. Nc3 dxe4 4. Nxe4 Bf5 5. Ng3 Bg6 6. h4 h6 7. h5 Bh7 8. Bc4
e6 9. Nf3 Nd7 10. b3 Ngf6 11. O-O Bd6 12. Nh2 Qc7 13. f4 Nd5 14. Bxd5 cxd5 15.
Qg4 O-O 16. Nf3 Nf6 17. Qh4 Bxc2 18. Ne5 Qc3 19. f5 Bxe5 20. dxe5 Qxe5 21. Ba3
Rfe8 22. Rae1 Be4 23. Nxe4 Nxe4 24. f6 Qd4+ 25. Kh2 Qe5+ 26. Kg1 Qd4+ 27. Kh2
Qe5+ 28. Kg1 Qg5 0-1